| 000 | 00599cam a22001934a 4500 | ||
|---|---|---|---|
| 005 | 20250605163607.0 | ||
| 008 | 250528s ||||||||||||||||||||||||d | ||
| 035 | _a22400 | ||
| 020 | _a9789603444312 | ||
| 040 |
_aGR-AtMCL _bgre _dGR-AtMCL _eAACR2 |
||
| 245 | 1 | _aΗ ΚΑΤΑΘΛΙΨΗ ΣΗΜΕΡΑ:ΠΕΡΙΓΡΑΦΗ, ΔΙΑΓΝΩΣΗ, ΘΕΩΡΙΕΣ ΚΑΙ ΕΡΕΥΝΗΤΙΚΑ ΔΕΔΟΜΕΝΑ | |
| 250 | _a1 | ||
| 260 |
_bΕλληνικά Γράμματα, _c1998 |
||
| 300 | _a291 | ||
| 700 | 1 | _aΚλεφταρας Γιωργος | |
| 942 | _cBK | ||
| 999 |
_c7453 _d7453 |
||